Missing Word: Ian McKellen Quiz Stats

Quiz Updated Nov 2, 2013

Challenge
Share
Tweet
Embed
Score 0/14 Timer 03:00
0 Plays Today
Film Missing Word % Correct
The Da _____ CodeVinci
98.5%
The Lord of the Rings: The Two _____Towers
89.6%
Six _____ of SeparationDegrees
89.2%
*The _____ Compass*Golden
83.7%
The Lord of the Rings: The _____ of the RingFellowship
83.6%
The Lord of the Rings: The _____ of the KingReturn
83.5%
_____ You All Very MuchThank
80.5%
Film Missing Word % Correct
Last _____ HeroAction
58.3%
_____: The Last StandX-Men
57.8%
Gods and _____Monsters
34%
*_____ Away*Flushed
18.5%
Swept _____ the SeaFrom
17.4%
Heaven's a _____Drag
2.3%
The _____ Part 2: First ImpressionsAcademy
1.6%

Today's Daily Dose

Word Ladder
Summertime

On This Day
June 23rd II

You're not logged in!

Compare scores with friends on all Sporcle quizzes.
Join for Free
OR
Log In

You Might Also Like...

Show Comments

Extras

Top Quizzes Today


Score Distribution

Your Account Isn't Verified!

In order to create a playlist on Sporcle, you need to verify the email address you used during registration. Go to your Sporcle Settings to finish the process.

Report this User

Report this user for behavior that violates our Community Guidelines.

Details: